|
|
|
|
| LEADER |
01972nam a22003137a 4500 |
| 001 |
42353 |
| 003 |
BD-DhAAL |
| 005 |
20240303160257.0 |
| 008 |
240303t2024 bg ||||| |||| 00| 0 ben d |
| 020 |
|
|
|a 9789849787570
|
| 040 |
|
|
|a BD-DhAAL
|c BD-DhAAL
|
| 041 |
|
|
|a ben
|
| 082 |
|
|
|a 891.443
|2 23
|
| 100 |
|
|
|a হোসেন, মোঃ আনোয়ার.
|9 56079
|
| 245 |
|
|
|a অবশেষে জানা গেল /
|c মোঃ আনোয়ার হোসেন.
|
| 264 |
|
|
|a ঢাকা :
|b গ্রন্থরাজ্য,
|c ২০২৪.
|
| 300 |
|
|
|a ৯৬ পৃষ্ঠা ;
|c ২৩ সে.মি.
|
| 526 |
|
|
|a AAL
|
| 541 |
|
|
|a আনোয়ার'স বুক
|e 42353, 42354, 42355, 42356, 42357
|
| 650 |
|
|
|a Short stories, Bengali.
|
| 650 |
|
|
|a Bengali literature.
|
| 852 |
|
|
|a Ayesha Abed Library
|c General Stacks
|
| 942 |
|
|
|2 ddc
|c BK
|
| 999 |
|
|
|c 46436
|d 46436
|
| 952 |
|
|
|0 0
|1 0
|2 ddc
|4 0
|6 891_443000000000000_HOS
|7 0
|9 75211
|a BRACUL
|b BRACUL
|c GEN
|d 2024-03-03
|e আনোয়ার'স বুক
|g 300.00
|l 3
|m 3
|o 891.443 HOS
|p 3010042354
|r 2026-04-09
|s 2026-03-30
|t 2
|v 300.00
|w 2024-03-03
|y BK
|
| 952 |
|
|
|0 0
|1 0
|2 ddc
|4 0
|6 891_443000000000000_HOS
|7 0
|9 75212
|a BRACUL
|b BRACUL
|c GEN
|d 2024-03-03
|e আনোয়ার'স বুক
|g 300.00
|l 2
|m 6
|o 891.443 HOS
|p 3010042353
|r 2025-07-14
|s 2025-06-30
|t 1
|v 300.00
|w 2024-03-03
|y BK
|
| 952 |
|
|
|0 0
|1 0
|2 ddc
|4 0
|6 891_443000000000000_HOS
|7 0
|9 75213
|a BRACUL
|b BRACUL
|c GEN
|d 2024-03-03
|e আনোয়ার'স বুক
|g 300.00
|l 0
|o 891.443 HOS
|p 3010042357
|r 2024-03-03
|t 5
|v 300.00
|w 2024-03-03
|y BK
|
| 952 |
|
|
|0 0
|1 0
|2 ddc
|4 0
|6 891_443000000000000_HOS
|7 0
|9 75214
|a BRACUL
|b BRACUL
|c GEN
|d 2024-03-03
|e আনোয়ার'স বুক
|g 300.00
|l 2
|m 1
|o 891.443 HOS
|p 3010042356
|r 2025-07-07
|s 2025-06-28
|t 4
|v 300.00
|w 2024-03-03
|y BK
|
| 952 |
|
|
|0 0
|1 0
|2 ddc
|4 0
|6 891_443000000000000_HOS
|7 0
|9 75215
|a BRACUL
|b BRACUL
|c GEN
|d 2024-03-03
|e আনোয়ার'স বুক
|g 300.00
|l 4
|m 31
|o 891.443 HOS
|p 3010042355
|r 2025-10-09
|s 2025-09-24
|t 3
|v 300.00
|w 2024-03-03
|y BK
|